TV Shows A-Z Quiz Stats

Quiz Updated Aug 28, 2012

Also try: TV by First Names
Challenge
Share
Tweet
Embed
Score 0/26 Timer 05:00
8 Plays Today
TV Show % Correct
BBaywatch
89.1%
UUgly Betty
75.3%
SScrubs
71.7%
HHappy Days
69.4%
WWalker, Texas Ranger
67.4%
RRoseanne
65.9%
XXena: Warrior Princess
63.2%
LLOST
58%
MMad About You
57.2%
OOne Tree Hill
53.5%
VVeronica Mars
48.9%
TTrue Blood
46.7%
GGlee
45.2%
TV Show % Correct
ZZoey 101
42.6%
QQuantum Leap
41.5%
II Dream of Jeannie
40.9%
CCommunity
40.6%
KKing of the Hill
38.5%
AAll in the Family
37.2%
DDamages
36.5%
PPrison Break
32.2%
EEd
25%
FFriday Night Lights
21.3%
JJericho
13.1%
NNip/Tuck
12.4%
YYes, Dear
8.8%

You're not logged in!

Compare scores with friends on all Sporcle quizzes.
Join for Free
OR
Log In

You Might Also Like...

Show Comments

Extras

Top Quizzes Today


Score Distribution

Your Account Isn't Verified!

In order to create a playlist on Sporcle, you need to verify the email address you used during registration. Go to your Sporcle Settings to finish the process.

Report this User

Report this user for behavior that violates our Community Guidelines.

Details: